[Event "Quebec-ch U12"]
[Site "Montreal CAN"]
[Date "2018.01.14"]
[Round "5"]
[White "Guipi Bopala, Prince Eric jr"]
[Black "Gonzalez, Tristan"]
[Result "1-0"]
[WhiteElo "1833"]
[BlackElo "1322"]
[PlyCount "155"]
[EventDate "2018.01.12"]
[EventType "swiss"]
[EventRounds "5"]
[EventCountry "CAN"]

1. d4 d5 2. Nf3 Nf6 3. e3 Bf5 4. c4 e6 5. Nc3 Be7 6. Be2 O-O 7. Nh4 Bg6 8. Nxg6
fxg6 9. cxd5 exd5 10. Qb3 b6 11. Bf3 c6 12. e4 Kh8 13. exd5 cxd5 14. Nxd5 Nc6
15. Be3 Rc8 16. Nxe7 Qxe7 17. O-O Rfd8 18. Bxc6 Rxc6 19. Rfe1 Re6 20. Bd2 Rxe1+
21. Rxe1 Qd7 22. Bc3 Re8 23. Rxe8+ Qxe8 24. d5 Qe4 25. h3 Nxd5 26. Qa3 Qe7 27.
Qxe7 Nxe7 28. Kf1 Kg8 29. Ke2 Kf7 30. g3 Nd5 31. Bd4 Nb4 32. a3 Nc6 33. Kd3
Nxd4 34. Kxd4 Ke6 35. b4 a6 36. f4 Kd6 37. g4 Ke6 38. Ke4 h6 39. Kd4 Kd6 40. f5
gxf5 41. gxf5 b5 42. h4 Ke7 43. Kc5 Kf6 44. Kb6 Kxf5 45. Kxa6 Kg4 46. Kxb5 Kxh4
47. Kc4 g5 48. b5 g4 49. b6 g3 50. b7 g2 51. b8=Q g1=Q 52. Qf4+ Kh5 53. Qf7+
Kh4 54. Qf4+ Kh5 55. a4 Qg8+ 56. Kb5 Qe8+ 57. Kb6 Qe6+ 58. Kb7 Qe7+ 59. Kb8
Qd8+ 60. Kb7 Qe7+ 61. Kc6 Qe8+ 62. Kc5 Qe7+ 63. Kd4 Qb4+ 64. Ke3 Qc3+ 65. Kf2
Qc2+ 66. Kg3 Qg6+ 67. Kh3 Qd3+ 68. Kg2 Qg6+ 69. Kf2 Qc2+ 70. Ke3 Qc3+ 71. Ke4
Qc4+ 72. Kf3 Qc3+ 73. Kg2 Qg7+ 74. Qg3 Qb2+ 75. Kh3 Qd4 76. Qf3+ Kg6 77. Qg4+
Qxg4+ 78. Kxg4 1-0

[Event "Quebec-ch U12"]
[Site "Montreal CAN"]
[Date "2018.01.14"]
[Round "5"]
[White "He, Jiaqi"]
[Black "Liu, Daniel Orejuela"]
[Result "1/2-1/2"]
[WhiteElo "1320"]
[BlackElo "1134"]
[PlyCount "84"]
[EventDate "2018.01.12"]
[EventType "swiss"]
[EventRounds "5"]
[EventCountry "CAN"]

1. e4 e5 2. Nf3 Nc6 3. Nc3 Bc5 4. Nxe5 Bxf2+ 5. Kxf2 Nxe5 6. d4 Ng6 7. Be2 d6
8. Rf1 N8e7 9. Kg1 O-O 10. Bc4 Be6 11. Bb3 d5 12. e5 c6 13. Bg5 h6 14. Be3 Nf5
15. Qd2 Nxe3 16. Qxe3 Qe7 17. Ne2 f6 18. exf6 Rxf6 19. Ng3 Raf8 20. Rxf6 Rxf6
21. Re1 Nf8 22. c3 Qd7 23. Qd3 Rg6 24. Rf1 Rg5 25. c4 Qd6 26. cxd5 Bxd5 27. Ne4
Qg6 28. Qf3 Ne6 29. Bc2 Bxe4 30. Bxe4 Qe8 31. Qb3 Qd7 32. Qc4 Qxd4+ 33. Qxd4
Nxd4 34. Bd3 Re5 35. Bc4+ Ne6 36. Rd1 Kf8 37. Rd7 b5 38. Bxe6 Rxe6 39. Rxa7 Re2
40. b3 Rc2 41. a3 Rb2 42. b4 Ra2 1/2-1/2

[Event "Quebec-ch U12"]
[Site "Montreal CAN"]
[Date "2018.01.14"]
[Round "5"]
[White "Jain, Ankita"]
[Black "Mellon-Ruel, Clarelie"]
[Result "1-0"]
[WhiteElo "1264"]
[BlackElo "1155"]
[PlyCount "139"]
[EventDate "2018.01.12"]
[EventType "swiss"]
[EventRounds "5"]
[EventCountry "CAN"]

1. e4 e5 2. Nf3 Nc6 3. Bc4 g6 4. d3 Bg7 5. Be3 Nf6 6. Nc3 O-O 7. h3 a6 8. a3 b5
9. Bb3 Na5 10. Ba2 Qe7 11. Bd5 c6 12. Ba2 b4 13. axb4 Qxb4 14. Bb3 Nxb3 15.
cxb3 d5 16. exd5 Nxd5 17. Bd2 e4 18. Nxe4 Qb6 19. Qc2 Nb4 20. Bxb4 Qxb4+ 21.
Nfd2 Bb7 22. Ra4 Qb5 23. O-O Qd5 24. Nf3 f5 25. Nc5 Rab8 26. Qc4 Rfd8 27. Ne6
Rd7 28. Nxg7 Kxg7 29. Qxd5 Rxd5 30. Rd1 c5 31. Rc4 a5 32. Ne1 Ba6 33. Rc3 a4
34. bxa4 c4 35. Rd2 f4 36. f3 Rb4 37. Ra3 Re5 38. Kf2 Re3 39. a5 Rb3 40. Rxb3
cxb3 41. Re2 Rxe2+ 42. Kxe2 Kf6 43. Kd2 Ke5 44. Kc3 Kd5 45. Kxb3 Kc5 46. Kc3
Bb7 47. b4+ Kd5 48. Nc2 h5 49. Nd4 g5 50. Nf5 Ke6 51. Nd4+ Kd5 52. Nb3 g4 53.
fxg4 hxg4 54. hxg4 Ke5 55. d4+ Kd5 56. Nd2 Kd6 57. Nf3 Ke6 58. Kd3 Ba6+ 59. Ke4
Bc4 60. Kxf4 Kf6 61. g5+ Kg6 62. Ne5+ Kg7 63. Nxc4 Kh7 64. a6 Kg6 65. a7 Kh5
66. a8=Q Kg6 67. Ne5+ Kg7 68. Qb7+ Kg8 69. Qf7+ Kh8 70. Ng6# 1-0

[Event "Quebec-ch U12"]
[Site "Montreal CAN"]
[Date "2018.01.14"]
[Round "5"]
[White "Lim, Nicolas"]
[Black "Roy, Benjamin"]
[Result "0-1"]
[WhiteElo "1119"]
[BlackElo "1133"]
[PlyCount "136"]
[EventDate "2018.01.12"]
[EventType "swiss"]
[EventRounds "5"]
[EventCountry "CAN"]

1. c4 c5 2. Nf3 g6 3. d4 cxd4 4. Nxd4 Bg7 5. e3 Nc6 6. Nc3 Nf6 7. Be2 O-O 8.
O-O Qb6 9. Nb3 d6 10. Re1 Bf5 11. Nd4 Nxd4 12. exd4 Ne4 13. Nxe4 Bxe4 14. Bd3
Bxd3 15. Qxd3 Rfe8 16. Be3 Qa6 17. Red1 Rac8 18. b3 d5 19. c5 Qxd3 20. Rxd3
Rxc5 21. dxc5 Bxa1 22. Rxd5 e6 23. Rd7 Rb8 24. Bf4 e5 25. Bg5 Bd4 26. Be3 Rc8
27. Rxb7 a6 28. Rb6 Rxc5 29. Rxa6 f5 30. h3 f4 31. Bxd4 exd4 32. Rd6 Rc1+ 33.
Kh2 Rc2 34. f3 Rxa2 35. Rxd4 g5 36. h4 Kg7 37. hxg5 Kg6 38. Rxf4 Kxg5 39. Rg4+
Kh5 40. Kh3 Ra1 41. Kg3 Rh1 42. Rg8 h6 43. Kf4 Rd1 44. g4+ Kh4 45. Rg6 h5 46.
Rh6 Rd4+ 47. Ke3 Rd1 48. Rxh5+ Kg3 49. Ke2 Rb1 50. Rb5 Rb2+ 51. Ke3 Rb1 52. Rb8
Rb2 53. b4 Rb3+ 54. Ke2 Rb2+ 55. Ke3 Rb3+ 56. Ke4 Rxf3 57. Kd5 Kxg4 58. b5 Rf5+
59. Kc6 Rf1 60. b6 Rc1+ 61. Kd5 Kf3 62. b7 Rd1+ 63. Kc4 Kg2 64. Kc3 Rb1 65.
Rg8+ Kh1 66. b8=Q Rc1+ 67. Kd2 Rd1+ 68. Kc3 Rd3+ 0-1

[Event "Quebec-ch U12"]
[Site "Montreal CAN"]
[Date "2018.01.14"]
[Round "5"]
[White "Liu, Kevin"]
[Black "Zhong, Ziyi"]
[Result "1-0"]
[WhiteElo "1556"]
[BlackElo "1313"]
[PlyCount "125"]
[EventDate "2018.01.12"]
[EventType "swiss"]
[EventRounds "5"]
[EventCountry "CAN"]

1. c4 c5 2. e4 e5 3. g3 Nf6 4. Bg2 Nc6 5. Ne2 g6 6. Nbc3 Bg7 7. O-O O-O 8. d3
d6 9. a3 a6 10. Rb1 Nd4 11. b4 b6 12. f4 Bg4 13. h3 Be6 14. f5 gxf5 15. exf5
Bxf5 16. Nxd4 cxd4 17. Rxf5 dxc3 18. Bxa8 Qxa8 19. Qf3 e4 20. dxe4 Qxe4 21. Rb3
Qc2 22. Rxc3 Qe4 23. Qxe4 Nxe4 24. Rd3 Be5 25. Bf4 f6 26. Bxe5 dxe5 27. Kf1 Kf7
28. Ke2 Ke6 29. g4 Rc8 30. Rff3 Ng5 31. Rfe3 Ke7 32. Rc3 Ne6 33. Rc1 Nd4+ 34.
Kf2 Ke6 35. Rec3 f5 36. gxf5+ Kxf5 37. b5 axb5 38. cxb5 Rf8 39. Ke3 Nxb5 40.
Rc6 Nxa3 41. Rf1+ Kg5 42. Rxf8 b5 43. Kd3 Nc4 44. Rxc4 bxc4+ 45. Kxc4 Kh4 46.
Rg8 h5 47. Kd5 Kxh3 48. Kxe5 h4 49. Kf4 Kh2 50. Kg4 h3 51. Rh8 Kg2 52. Rxh3 Kf2
53. Kf4 Kg2 54. Ra3 Kh2 55. Kg4 Kg2 56. Ra2+ Kf1 57. Kg3 Ke1 58. Kf3 Kd1 59.
Ke3 Kc1 60. Rh2 Kb1 61. Kd3 Kc1 62. Rg2 Kd1 63. Rg1# 1-0

[Event "Quebec-ch U12"]
[Site "Montreal CAN"]
[Date "2018.01.14"]
[Round "5"]
[White "Moisan, Pier-Philippe"]
[Black "Fernandez Busto, Edouard"]
[Result "0-1"]
[WhiteElo "1349"]
[BlackElo "1121"]
[PlyCount "160"]
[EventDate "2018.01.12"]
[EventType "swiss"]
[EventRounds "5"]
[EventCountry "CAN"]

1. e4 e5 2. Nf3 Nc6 3. Nc3 Nf6 4. Bb5 d6 5. d4 Bd7 6. d5 Ne7 7. Bc4 g6 8. Bg5
Bg7 9. Qd2 O-O 10. O-O Bg4 11. Be2 Bxf3 12. Bxf3 Qd7 13. Rfe1 Rfe8 14. Rad1
Rad8 15. h3 c6 16. Bxf6 Bxf6 17. Be2 Bg7 18. f3 f5 19. a3 a6 20. Rf1 f4 21. Qd3
Qc7 22. Kh1 Kh8 23. Qd2 Rd7 24. Bc4 b5 25. Ba2 c5 26. Ne2 Rb8 27. c4 Qb6 28. b3
bxc4 29. bxc4 Qb2 30. Qxb2 Rxb2 31. Nc3 Rc2 32. Rc1 Rxc1 33. Rxc1 Rb7 34. Rb1
Rxb1+ 35. Bxb1 Nc8 36. Na4 Bf6 37. Bd3 Kg7 38. Kg1 Kh6 39. Kf2 Kh5 40. Ke2 Kh4
41. Kf2 h5 42. Be2 Kg5 43. Bd1 Bd8 44. Be2 Ba5 45. Nb2 Nb6 46. Nd1 Bd2 47. Bd3
Bc1 48. Nc3 Bxa3 49. Bf1 Bb4 50. Na2 a5 51. Bd3 Na4 52. Bf1 Kf6 53. Nc1 Nc3 54.
Nd3 a4 55. Nc1 a3 56. Nb3 a2 57. Kg1 Ba3 58. Kh2 Bb2 59. g3 g5 60. g4 h4 61.
Kg2 a1=Q 62. Nxa1 Bxa1 63. Bd3 Ke7 64. Bf1 Kd7 65. Bd3 Kc7 66. Bf1 Kb6 67. Bd3
Ka5 68. Bf1 Kb4 69. Bd3 Nd1 70. Kf1 Ne3+ 71. Ke2 Nxc4 72. Bxc4 Kxc4 73. Kd1 Kd3
74. Kc1 c4 75. Kd1 Bb2 76. Ke1 c3 77. Kd1 c2+ 78. Ke1 c1=Q+ 79. Kf2 Bd4+ 80.
Kg2 Qg1# 0-1

[Event "Quebec-ch U12"]
[Site "Montreal CAN"]
[Date "2018.01.14"]
[Round "5"]
[White "Tsukerman, Julia"]
[Black "Zheng, Richard"]
[Result "1/2-1/2"]
[WhiteElo "1585"]
[BlackElo "2094"]
[PlyCount "57"]
[EventDate "2018.01.12"]
[EventType "swiss"]
[EventRounds "5"]
[EventCountry "CAN"]

1. e4 e5 2. Nf3 Nc6 3. Bb5 f5 4. d3 fxe4 5. dxe4 d6 6. O-O Nf6 7. Nc3 Be7 8.
Qe2 a6 9. Bd3 Bg4 10. Qe3 Bxf3 11. Qxf3 O-O 12. Qd1 Qd7 13. f3 Rad8 14. Bc4+
Kh8 15. a3 Nh5 16. Be3 Bf6 17. Qd2 g6 18. Rad1 Bg7 19. Nd5 Rde8 20. b4 Ne7 21.
Bb3 Nf6 22. c4 Rf7 23. Rc1 Ref8 24. Qd3 h6 25. h3 Nh5 26. Kh2 Nf4 27. Qd1 Bf6
28. Rc3 Kh7 29. Ba4 1/2-1/2

[Event "Quebec-ch U12"]
[Site "Montreal CAN"]
[Date "2018.01.14"]
[Round "5"]
[White "Wang, Rachel"]
[Black "Navala, Anthony"]
[Result "1/2-1/2"]
[WhiteElo "1338"]
[BlackElo "1379"]
[PlyCount "104"]
[EventDate "2018.01.12"]
[EventType "swiss"]
[EventRounds "5"]
[EventCountry "CAN"]

1. d4 Nf6 2. c4 g6 3. g3 Bg7 4. Bg2 d6 5. e3 Nbd7 6. Ne2 O-O 7. O-O e5 8. b3
Nh5 9. Bb2 f5 10. f4 e4 11. h3 Nb6 12. Nd2 a5 13. Rf2 a4 14. Nf1 axb3 15. axb3
Rxa1 16. Qxa1 c6 17. Nh2 d5 18. c5 Nd7 19. g4 Nhf6 20. Ng3 Nb8 21. g5 Nfd7 22.
h4 h5 23. Bc3 Na6 24. b4 Nc7 25. Nhf1 Nb5 26. Be1 b6 27. Ne2 bxc5 28. bxc5 Nxc5
29. Bb4 Nd3 30. Bxf8 Qxf8 31. Qa8 Nxf2 32. Qxc6 Nxd4 33. Nxd4 Nd3 34. Qxg6 Qf7
35. Qxf7+ Kxf7 36. Ng3 Bxd4 37. exd4 Kg6 38. Bf1 Nxf4 39. Bb5 Kf7 40. Kf2 Ng6
41. Nxh5 Nxh4 42. Nf4 Be6 43. Bc6 Nf3 44. g6+ Ke7 45. g7 Bg8 46. Bxd5 Bxd5 47.
Nxd5+ Kf7 48. g8=Q+ Kxg8 49. Ne7+ Kf7 50. Nxf5 Ke6 51. Ng3 Kd5 52. Nxe4 Kxe4
1/2-1/2

[Event "Quebec-ch U14"]
[Site "Montreal CAN"]
[Date "2018.01.12"]
[Round "1"]
[White "Chang-Solomon, Donnell"]
[Black "Craciun, David"]
[Result "0-1"]
[WhiteElo "1112"]
[BlackElo "1730"]
[PlyCount "48"]
[EventDate "2018.01.12"]
[EventType "swiss"]
[EventRounds "5"]
[EventCountry "CAN"]

1. d4 d5 2. c4 e6 3. Nf3 c6 4. Nc3 f5 5. Bf4 Nf6 6. e3 Be7 7. cxd5 exd5 8. Bd3
O-O 9. O-O Ne4 10. Qb3 Kh8 11. Rfd1 Nd7 12. Bxe4 fxe4 13. Ne5 Nxe5 14. Bxe5 Bd6
15. Bxd6 Qxd6 16. Qa3 Qf6 17. Rf1 Bh3 18. Ne2 Bxg2 19. Kxg2 Qf3+ 20. Kg1 Qxe2
21. h3 Qh5 22. Kh2 Rf3 23. Rh1 Rxf2+ 24. Kg1 Qf3 0-1

[Event "Quebec-ch U14"]
[Site "Montreal CAN"]
[Date "2018.01.12"]
[Round "1"]
[White "Farahdel, Anahita"]
[Black "Richard, Leo"]
[Result "0-1"]
[WhiteElo "1175"]
[BlackElo "1874"]
[PlyCount "68"]
[EventDate "2018.01.12"]
[EventType "swiss"]
[EventRounds "5"]
[EventCountry "CAN"]

1. e4 c5 2. Nf3 Nc6 3. Nc3 g6 4. Bc4 Bg7 5. d3 e6 6. Be3 Nd4 7. Bxd4 cxd4 8.
Nb5 d5 9. exd5 exd5 10. Bxd5 Qa5+ 11. c3 Qxb5 12. Qe2+ Ne7 13. Bc4 Qc5 14. Rc1
dxc3 15. bxc3 O-O 16. d4 Qd6 17. O-O Bg4 18. Qe4 Bxf3 19. Qxf3 Qc6 20. Qxc6
Nxc6 21. Rfe1 Rfe8 22. Bb5 a6 23. Rxe8+ Rxe8 24. Bxc6 bxc6 25. g3 Re2 26. Rb1
Rxa2 27. Rb8+ Bf8 28. Rc8 a5 29. Rxc6 a4 30. Ra6 a3 31. d5 Rd2 32. c4 a2 33.
Kg2 Bc5 34. h4 Bd4 0-1

[Event "Quebec-ch U14"]
[Site "Montreal CAN"]
[Date "2018.01.12"]
[Round "1"]
[White "Laroche, Hugo"]
[Black "Huang, Qiuyu"]
[Result "0-1"]
[WhiteElo "1394"]
[BlackElo "2245"]
[PlyCount "122"]
[EventDate "2018.01.12"]
[EventType "swiss"]
[EventRounds "5"]
[EventCountry "CAN"]

1. d4 d5 2. Bf4 Nf6 3. Nf3 c5 4. e3 Nc6 5. c3 Qb6 6. Qb3 c4 7. Qc2 Bf5 8. Qc1
h6 9. h3 e6 10. Nbd2 a5 11. a4 Be7 12. Be2 Ne4 13. Nxe4 Bxe4 14. O-O Bg6 15.
Ne5 Nxe5 16. Bxe5 f6 17. Bh2 Qc6 18. b3 b5 19. axb5 Qxb5 20. bxc4 dxc4 21. Qd1
a4 22. f3 a3 23. Qd2 O-O 24. e4 f5 25. Rfb1 Qa6 26. d5 Bc5+ 27. Kh1 fxe4 28.
dxe6 exf3 29. Bxf3 Rxf3 30. gxf3 Bxb1 31. Rxb1 a2 32. Ra1 Qb7 33. Kg2 Qb1 34.
Qd5 Qb2+ 35. Kg3 Bd6+ 36. f4 Bxf4+ 37. Kxf4 Rf8+ 38. Kg4 Qe2+ 39. Kg3 Qf2+ 40.
Kg4 h5+ 41. Kg5 Qe3+ 42. Kxh5 Qh6+ 43. Kg4 Qg6+ 44. Kh4 Rf5 45. Qxf5 Qxf5 46.
Rxa2 Qxe6 47. Rg2 Qe1+ 48. Kg4 Qxc3 49. Bf4 Qd3 50. Rd2 Qe4 51. Ra2 Qb1 52.
Ra8+ Kh7 53. Rc8 Qd3 54. Rc7 c3 55. h4 c2 56. Kg5 Qd8+ 57. Kg4 Qxc7 58. Bxc7
c1=Q 59. Bf4 Qd1+ 60. Kg5 Qd5+ 61. Kg4 Kg6 0-1

[Event "Quebec-ch U14"]
[Site "Montreal CAN"]
[Date "2018.01.12"]
[Round "1"]
[White "Zhong, Wenxuan"]
[Black "Cossette-Labbe, Raphael"]
[Result "1-0"]
[WhiteElo "1839"]
[BlackElo "857"]
[PlyCount "61"]
[EventDate "2018.01.12"]
[EventType "swiss"]
[EventRounds "5"]
[EventCountry "CAN"]

1. e4 e5 2. Nf3 Nc6 3. Bc4 Nf6 4. d3 d6 5. c3 Bg4 6. h3 Bxf3 7. Qxf3 Be7 8. O-O
O-O 9. Bb3 Nd7 10. Nd2 Nc5 11. Bc2 h6 12. Qg3 Bh4 13. Qg4 Bf6 14. Nf3 Kh7 15.
Be3 Ne6 16. Rad1 Qe7 17. d4 Kg8 18. d5 Ng5 19. Nxg5 hxg5 20. dxc6 bxc6 21. Bb3
Rab8 22. Bxa7 Rb7 23. Be3 c5 24. Rd2 Rd8 25. Rfd1 Rbb8 26. Qh5 g6 27. Qxg6+ Bg7
28. Bxg5 Qd7 29. Bf6 Kf8 30. Qxg7+ Ke8 31. Qh8# 1-0

[Event "Quebec-ch U14"]
[Site "Montreal CAN"]
[Date "2018.01.13"]
[Round "2"]
[White "Chang-Solomon, Donnell"]
[Black "Laroche, Hugo"]
[Result "0-1"]
[WhiteElo "1112"]
[BlackElo "1394"]
[PlyCount "120"]
[EventDate "2018.01.12"]
[EventType "swiss"]
[EventRounds "5"]
[EventCountry "CAN"]

1. c4 e5 2. g3 Nf6 3. Bg2 Nc6 4. Nc3 Bc5 5. a3 a6 6. b4 Ba7 7. Nf3 d6 8. O-O
Be6 9. d3 Qd7 10. e4 Bh3 11. Bg5 Nd4 12. Bxf6 gxf6 13. Nd5 O-O-O 14. Nxf6 Qe6
15. Nd5 Bxg2 16. Kxg2 Kb8 17. Ng5 Qg6 18. Nf3 c6 19. Ne7 Qe6 20. Nf5 Nxf5 21.
exf5 Qxf5 22. d4 exd4 23. Nxd4 Qe4+ 24. Nf3 Qxc4 25. Rc1 Qg4 26. h3 Qg6 27. Re1
Qf6 28. Qb3 d5 29. Red1 Rhe8 30. Qc3 Qxc3 31. Rxc3 Re2 32. Rf1 h6 33. Ng1 Ra2
34. Rf3 d4 35. Rxf7 d3 36. Rd1 d2 37. Nf3 Rxa3 38. Rxd2 Rxd2 39. Nxd2 Ra4 40.
Nc4 Rxb4 41. Nd6 a5 42. Rf4 Rxf4 43. gxf4 a4 44. Nc4 b5 45. Na5 Kc7 46. Kf1 Kb6
47. Ke1 Kxa5 48. Kd1 Bd4 49. Kc2 a3 50. Kb3 b4 51. f5 c5 52. f4 c4+ 53. Kxc4 a2
54. Kxd4 a1=Q+ 55. Kd5 Qf6 56. Ke4 b3 57. h4 b2 58. Kd5 b1=Q 59. h5 Qd3+ 60.
Kc5 Qfc3# 0-1

[Event "Quebec-ch U14"]
[Site "Montreal CAN"]
[Date "2018.01.13"]
[Round "2"]
[White "Craciun, David"]
[Black "Tanaka, Tyler"]
[Result "0-1"]
[WhiteElo "1730"]
[BlackElo "2160"]
[PlyCount "80"]
[EventDate "2018.01.12"]
[EventType "swiss"]
[EventRounds "5"]
[EventCountry "CAN"]

1. d4 Nf6 2. Bf4 g6 3. Nc3 d5 4. e3 Bg7 5. Nf3 O-O 6. Nb5 Na6 7. c4 c6 8. Nc3
Bf5 9. Be2 Nc7 10. Ne5 Nd7 11. Nxd7 Qxd7 12. Bxc7 Qxc7 13. cxd5 cxd5 14. Nxd5
Qa5+ 15. Nc3 e5 16. d5 Rfd8 17. Qd2 e4 18. Rd1 Rac8 19. Nxe4 Qxd2+ 20. Nxd2 Bc2
21. e4 Bxd1 22. Bxd1 Bxb2 23. O-O Kg7 24. Bb3 b5 25. g3 Re8 26. f3 f5 27. Kf2
Bc3 28. Ke3 Bxd2+ 29. Kxd2 fxe4 30. fxe4 Rxe4 31. Kd3 Ree8 32. Rf2 a5 33. a4
Rf8 34. Rxf8 Kxf8 35. axb5 Ke7 36. Bc4 Kd6 37. Kd4 a4 38. h3 a3 39. h4 Rxc4+
40. Kxc4 a2 0-1

[Event "Quebec-ch U14"]
[Site "Montreal CAN"]
[Date "2018.01.13"]
[Round "2"]
[White "Huang, Qiuyu"]
[Black "Zhong, Wenxuan"]
[Result "1/2-1/2"]
[WhiteElo "2245"]
[BlackElo "1839"]
[PlyCount "124"]
[EventDate "2018.01.12"]
[EventType "swiss"]
[EventRounds "5"]
[EventCountry "CAN"]

1. e4 d6 2. d4 Nf6 3. Nc3 g6 4. Bg5 Bg7 5. Be2 c6 6. Qd2 h6 7. Be3 Ng4 8. Bxg4
Bxg4 9. h3 Bc8 10. Nge2 Nd7 11. f4 Nb6 12. b3 d5 13. O-O e6 14. a4 dxe4 15.
Nxe4 Nd5 16. Bf2 Nf6 17. N2g3 O-O 18. Rad1 b6 19. c4 Bb7 20. Nxf6+ Qxf6 21. Ne4
Qe7 22. c5 Rfd8 23. Qc2 Rd5 24. b4 Qc7 25. Be3 Rad8 26. Nd6 R8xd6 27. cxd6 Qxd6
28. Qc4 b5 29. axb5 cxb5 30. Qc3 Kh7 31. Rd2 Qb6 32. Rc1 Rd7 33. Rdd1 Qd8 34.
Rd2 Bf8 35. Qa3 Bd5 36. Rdc2 Qh4 37. Kh2 Bd6 38. g3 Qe7 39. Rb2 Bc4 40. Bd2 Qf6
41. Qe3 Bc7 42. Bc3 Bb6 43. Qe5 Qf5 44. Re1 Rd5 45. Qxf5 gxf5 46. Rd2 Bc7 47.
Ra1 Bb6 48. g4 fxg4 49. hxg4 h5 50. g5 Bc7 51. Rf2 Rf5 52. Bd2 Bb8 53. Kh3 Kg6
54. Ra6 Bd5 55. Be3 Bb7 56. Ra1 Bd5 57. Ra5 Bb7 58. Ra1 Bd5 59. Kh4 Bc4 60. Ra5
Bd3 61. Ra3 Bc4 62. Ra5 Bd3 1/2-1/2

[Event "Quebec-ch U14"]
[Site "Montreal CAN"]
[Date "2018.01.13"]
[Round "2"]
[White "Wang, Isabelle"]
[Black "Farahdel, Anahita"]
[Result "1-0"]
[WhiteElo "1635"]
[BlackElo "1175"]
[PlyCount "103"]
[EventDate "2018.01.12"]
[EventType "swiss"]
[EventRounds "5"]
[EventCountry "CAN"]

1. e4 c6 2. d4 d5 3. exd5 cxd5 4. Bd3 Nc6 5. c3 e5 6. dxe5 Nxe5 7. Bb5+ Nc6 8.
Nf3 Qe7+ 9. Be3 Nf6 10. O-O a6 11. Ba4 b5 12. Bb3 Be6 13. Nd4 Nxd4 14. Bxd4 Qc7
15. Bxf6 gxf6 16. Qf3 Qe5 17. Nd2 Bh6 18. Rad1 Qf4 19. Bxd5 Rd8 20. Bc6+ Kf8
21. Qxf4 Bxf4 22. Nb3 Rxd1 23. Rxd1 Bxb3 24. axb3 Kg7 25. Bb7 a5 26. Rd5 Bc1
27. Rxb5 Bxb2 28. c4 Rd8 29. g3 Rd1+ 30. Kg2 Rd3 31. c5 Be5 32. c6 Rc3 33. Rxa5
Bc7 34. Rb5 Kf8 35. Rd5 Ke8 36. b4 Rc4 37. b5 Re4 38. Rh5 Re5 39. Rxe5+ fxe5
40. Kf3 Ke7 41. Ke4 Ke6 42. Bc8+ Kd6 43. f4 f6 44. fxe5+ fxe5 45. g4 Ke7 46.
Kd5 Kf6 47. h3 Ke7 48. Bf5 h6 49. Kc5 Bd6+ 50. Kb6 Kd8 51. Kb7 Bc7 52. b6 1-0

[Event "Quebec-ch U14"]
[Site "Montreal CAN"]
[Date "2018.01.13"]
[Round "3"]
[White "Cossette-Labbe, Raphael"]
[Black "Wang, Isabelle"]
[Result "0-1"]
[WhiteElo "857"]
[BlackElo "1635"]
[PlyCount "112"]
[EventDate "2018.01.12"]
[EventType "swiss"]
[EventRounds "5"]
[EventCountry "CAN"]

1. e4 e5 2. Nc3 Nf6 3. Nf3 Nc6 4. Bc4 Nxe4 5. Bd5 Nxc3 6. dxc3 d6 7. Be3 Be7 8.
O-O O-O 9. Qd2 Be6 10. Be4 f5 11. Bd5 Qd7 12. Bg5 Rae8 13. Bxe7 Qxe7 14. Ng5
Bxd5 15. Qxd5+ Kh8 16. Nf3 f4 17. b4 e4 18. Rae1 Nd8 19. Nd4 c6 20. Qh5 d5 21.
Nf5 g6 22. Nxe7 gxh5 23. Nc8 Nf7 24. Nxa7 Ra8 25. f3 Nd6 26. fxe4 Nxe4 27. g3
Rxa7 28. Rxf4 Rxf4 29. gxf4 Rxa2 30. Re2 Kg7 31. Rg2+ Kf7 32. Kf1 Ra1+ 33. Ke2
Nxc3+ 34. Ke3 Ne4 35. Kd4 Rf1 36. Ke5 Rf2 37. Rg1 Rxc2 38. f5 Nf6 39. Kd6 Rb2
40. Re1 Ne4+ 41. Kd7 Kf6 42. h4 Rxb4 43. Kc7 c5 44. Rd1 d4 45. Re1 d3 46. Rd1
d2 47. Kd8 Rc4 48. Rb1 Rc1 49. Rb6+ Ke5 50. Ke7 d1=Q 51. Re6+ Kf4 52. f6 Nxf6
53. Rxf6+ Kg4 54. Ke6 Qe2+ 55. Kd7 Rd1+ 56. Kc7 Qe5+ 0-1

[Event "Quebec-ch U14"]
[Site "Montreal CAN"]
[Date "2018.01.13"]
[Round "3"]
[White "Laroche, Hugo"]
[Black "Farahdel, Anahita"]
[Result "1-0"]
[WhiteElo "1394"]
[BlackElo "1175"]
[PlyCount "123"]
[EventDate "2018.01.12"]
[EventType "swiss"]
[EventRounds "5"]
[EventCountry "CAN"]

1. d4 d5 2. Bf4 Nc6 3. Nf3 Bf5 4. e3 a6 5. Nbd2 Nb4 6. e4 Bxe4 7. Nxe4 dxe4 8.
Ng5 Nf6 9. c3 Nc6 10. Qb3 Nd5 11. Bxc7 Nxc7 12. Nxf7 Qd5 13. Bc4 Na5 14. Bxd5
Nxb3 15. Bxb3 Rg8 16. Nd6+ exd6 17. Bxg8 h6 18. Bb3 d5 19. O-O O-O-O 20. Rae1
b5 21. f3 b4 22. fxe4 dxe4 23. Rxe4 bxc3 24. bxc3 Nb5 25. Rf3 Na3 26. c4 Nb1
27. Rd3 Bb4 28. d5 Rf8 29. g3 Bc5+ 30. Kg2 Rf2+ 31. Kh3 Nd2 32. Rf4 Rxf4 33.
gxf4 Ne4 34. Kg2 Bd6 35. h3 Nf6 36. Kf3 Nh5 37. Rd4 Bc5 38. Re4 Nf6 39. Re6 Kb7
40. d6 a5 41. Ba4 Kc8 42. d7+ Nxd7 43. Bxd7+ Kxd7 44. f5 a4 45. Ke4 Bd6 46. Kd5
Be7 47. Rxe7+ Kxe7 48. Kc6 Kf6 49. Kd7 Kxf5 50. c5 g5 51. c6 g4 52. hxg4+ Kxg4
53. c7 h5 54. c8=Q h4 55. Kd6+ Kg3 56. Qg8+ Kh2 57. Kc5 h3 58. Kb4 Kh1 59. Qa8+
Kg1 60. Qxa4 h2 61. Qd1+ Kg2 62. a4 1-0

[Event "Quebec-ch U14"]
[Site "Montreal CAN"]
[Date "2018.01.13"]
[Round "3"]
[White "Omichi, Haruaki"]
[Black "Craciun, David"]
[Result "1/2-1/2"]
[WhiteElo "1703"]
[BlackElo "1730"]
[PlyCount "98"]
[EventDate "2018.01.12"]
[EventType "swiss"]
[EventRounds "5"]
[EventCountry "CAN"]

1. e4 e5 2. Nf3 Nc6 3. Nc3 Nf6 4. d4 exd4 5. Nxd4 Bb4 6. Nxc6 bxc6 7. Bd3 d5 8.
exd5 cxd5 9. O-O O-O 10. Bg5 c6 11. Qf3 Be7 12. h3 Be6 13. Ne2 Rb8 14. Rab1 Nd7
15. Bf4 Ra8 16. c3 Nc5 17. Bc2 f5 18. Nd4 Bd7 19. c4 Ne4 20. cxd5 cxd5 21. Bb3
Qa5 22. Qd3 Kh8 23. f3 Nc5 24. Qe3 Nxb3 25. Nxb3 Qb6 26. Kh1 Bf6 27. Rfd1 Bc6
28. Rbc1 Rac8 29. Qxb6 axb6 30. Nd4 Bd7 31. Bd6 Rfe8 32. Rc7 Rxc7 33. Bxc7 b5
34. b4 Rc8 35. Bd6 Rc4 36. Bc5 Bxd4 37. Rxd4 Rxd4 38. Bxd4 Kg8 39. Kg1 Kf7 40.
Kf2 g6 41. f4 Ke7 42. Ke3 Ke6 43. Bc5 Bc6 44. Kd4 Be8 45. Bb6 Kd6 46. Bc5+ Ke6
47. Bf8 Bc6 48. Kc5 Bd7 49. Bd6 Be8 1/2-1/2

[Event "Quebec-ch U14"]
[Site "Montreal CAN"]
[Date "2018.01.13"]
[Round "3"]
[White "Tanaka, Tyler"]
[Black "Huang, Qiuyu"]
[Result "1-0"]
[WhiteElo "2160"]
[BlackElo "2245"]
[PlyCount "101"]
[EventDate "2018.01.12"]
[EventType "swiss"]
[EventRounds "5"]
[EventCountry "CAN"]

1. e4 c5 2. Nf3 Nc6 3. d4 cxd4 4. Nxd4 g6 5. c4 Bg7 6. Be3 Nf6 7. Nc3 d6 8. Be2
O-O 9. O-O Bd7 10. f3 Nxd4 11. Bxd4 a5 12. Qd2 Bc6 13. Kh1 Nd7 14. Bxg7 Kxg7
15. f4 f6 16. Rae1 a4 17. Nd5 Rf7 18. Rf3 Nc5 19. Re3 e6 20. Nc3 f5 21. Qd4+ e5
22. fxe5 Ne6 23. Qxd6 Qh4 24. Rf1 Re8 25. Rh3 Qd8 26. Qxd8 Rxd8 27. exf5 gxf5
28. Rd3 Rxd3 29. Bxd3 Kg6 30. Kg1 Kg5 31. Bc2 Nc5 32. g3 h5 33. h4+ Kg4 34. Kh2
f4 35. gxf4 Rxf4 36. Bd1+ Kf5 37. Rxf4+ Kxf4 38. Bxh5 Ke3 39. a3 Kd4 40. Be2
Nd3 41. h5 Bd7 42. Bxd3 Kxd3 43. Nxa4 Bf5 44. Nb6 Kc2 45. b4 Kb3 46. c5 Kxa3
47. Nd5 Kb3 48. h6 Ka4 49. Kg3 Kb5 50. Kf4 Bd3 51. Nc3+ 1-0

[Event "Quebec-ch U14"]
[Site "Montreal CAN"]
[Date "2018.01.13"]
[Round "3"]
[White "Zhong, Wenxuan"]
[Black "Richard, Leo"]
[Result "1-0"]
[WhiteElo "1839"]
[BlackElo "1874"]
[PlyCount "95"]
[EventDate "2018.01.12"]
[EventType "swiss"]
[EventRounds "5"]
[EventCountry "CAN"]

1. e4 c5 2. Ne2 Nc6 3. d4 cxd4 4. Nxd4 Nf6 5. Nc3 d6 6. Be2 g6 7. Be3 Bg7 8.
O-O O-O 9. Kh1 a6 10. a4 Bd7 11. Nb3 Rc8 12. f4 Na5 13. e5 Ne8 14. Nxa5 Qxa5
15. Nd5 Qd8 16. Bb6 Nc7 17. Nxc7 Rxc7 18. exd6 exd6 19. Qxd6 Rc6 20. Bxd8 Rxd6
21. Be7 Rd2 22. Bxf8 Rxe2 23. Bxg7 Kxg7 24. Rac1 Bc6 25. Rg1 Bxa4 26. b3 Bc6
27. c4 Rf2 28. b4 Rxf4 29. Rc2 Rd4 30. Rgc1 b5 31. h3 bxc4 32. Rxc4 Rxc4 33.
Rxc4 Bb5 34. Rc7 Kf6 35. Kh2 h5 36. Kg3 Ke6 37. h4 Bf1 38. Kf2 Bb5 39. Ke3 Kf5
40. Rxf7+ Kg4 41. Rf6 Be8 42. Rxa6 Kxh4 43. Re6 Bf7 44. Rf6 Be8 45. Kf4 g5+ 46.
Kf5 Bb5 47. Rh6 Be8 48. g4 1-0